[Event "Euskadi-ch U16"]
[Site "Eibar"]
[Date "2008.03.26"]
[Round "3"]
[White "Orive Miguel, David"]
[Black "Olabe Odriozola, Eduardo"]
[Result "1/2-1/2"]
[WhiteElo "1772"]
[BlackElo "1702"]
[PlyCount "93"]
[EventDate "2008.03.25"]
[EventType "swiss"]
[EventRounds "6"]
[EventCountry "ESP"]
[SourceTitle "EXT 2024"]
[Source "ChessBase"]
[SourceDate "2023.10.10"]
[SourceVersion "1"]
[SourceVersionDate "2023.10.10"]
[SourceQuality "1"]

1. e4 c5 2. Nf3 e6 3. d3 d5 4. Nbd2 Nc6 5. g3 Nge7 6. Bg2 g6 7. 0-0 Bg7 8. Re1 Qc7 9. c3 b5 10. Qe2 a5 11. e5 0-0 12. Nf1 b4 13. d4 Ba6 14. Qd1 cxd4 15. cxd4 Qa7 16. Ne3 Rac8 17. g4 Rc7 18. g5 Rfc8 19. Bf1 Bxf1 20. Kxf1 Qb6 21. Qd3 Na7 22. Bd2 a4 23. Rac1 Rxc1 24. Rxc1 Rxc1+ 25. Bxc1 Nec6 26. Nd1 Nb5 27. Be3 Bf8 28. Kg2 Be7 29. h4 Bd8 30. Kh2 Bc7 31. a3 b3 32. Nc3 Nxc3 33. Qxc3 Na5 34. Nd2 Qc6 35. Qxc6 Nxc6 36. Kg2 Bb6 37. Nf3 Kf8 38. Kf1 Na5 39. Ke2 Nc4 40. Bc1 Ke8 41. Kd3 Kd7 42. Nd2 Nxd2 43. Bxd2 Kc6 44. Bc3 Kb5 45. Bd2 Bd8 46. f3 Bb6 47. Bc3 1/2-1/2

[Event "Bizkaia-ch U16"]
[Site "Bilbao"]
[Date "2006.11.24"]
[Round "4"]
[White "Orive Miguel, David"]
[Black "Sierra Carranza, Sergio"]
[Result "1-0"]
[WhiteElo "1738"]
[BlackElo "1659"]
[PlyCount "71"]
[EventDate "2006.11.03"]
[EventType "swiss"]
[EventRounds "5"]
[EventCountry "ESP"]
[SourceTitle "EXT 2018"]
[Source "ChessBase"]
[SourceDate "2017.10.13"]
[SourceVersion "1"]
[SourceVersionDate "2017.10.13"]
[SourceQuality "1"]

1. e4 c5 2. Nf3 e6 3. d4 cxd4 4. Nxd4 Nc6 5. Be3 a6 6. Nc3 Qc7 7. Qd2 b5 8. f3 Bb7 9. 0-0-0 Bb4 10. Nxc6 Bxc6 11. Qd4 Bf8 12. g4 Ne7 13. Bg2 Ng6 14. Kb1 e5 15. Qd3 b4 16. Ne2 Bb5 17. Qd2 Rc8 18. Rc1 a5 19. c3 bxc3 20. Nxc3 Bc6 21. Nd5 Qb7 22. Qxa5 Be7 23. Nxe7 Nxe7 24. Qxe5 f6 25. Qa5 0-0 26. Qb6 Rb8 27. Qxb7 Rxb7 28. Bf1 Rfb8 29. Bc4+ d5 30. Bb3 Kh8 31. Bc5 Bb5 32. Bxe7 Rxe7 33. Bxd5 h6 34. Rc3 Ra7 35. Rhc1 Rb6 36. Rb3 1-0